Sporcle Fivesomes Grab Bag Quiz Stats

Quiz Updated Sep 12, 2015

Challenge
Share
Tweet
Embed
Score 0/75 Timer 10:00
0 Plays Today
Hint Answer % Correct
Geography
5 Oceans of the World
Pacific
98.4%
Geography
5 Oceans of the World
Atlantic
98.2%
Gaming
5 Cards in a Royal Flush
King
96.8%
Geography
5 Oceans of the World
Indian
96.8%
Gaming
5 Cards in a Royal Flush
Queen
96.7%
Gaming
5 Cards in a Royal Flush
Ace
96.7%
Gaming
5 Cards in a Royal Flush
Jack
96.3%
Gaming
5 Cards in a Royal Flush
Ten
95.9%
Just For Fun
5 Fingers
Thumb
94.8%
Just For Fun
5 Fingers
Index
94.3%
Just For Fun
5 Fingers
Pinky
94.3%
Just For Fun
5 Fingers
Middle
92%
Just For Fun
5 Fingers
Ring
92%
Geography
5 Oceans of the World
Arctic
88%
Miscellaneous
5 Original Fruit Skittles
Green apple
87.2%
Language
5 W's of Journalism
When
85.8%
Language
5 W's of Journalism
Where
85.8%
Language
5 W's of Journalism
Who
85.7%
Language
5 W's of Journalism
What
85.5%
Language
5 W's of Journalism
Why
85.2%
Miscellaneous
5 Original Fruit Skittles
Lemon
84.1%
Miscellaneous
5 Original Fruit Skittles
Orange
82.8%
Music
5 Spice Girls Nicknames
Posh
82.6%
Miscellaneous
5 Original Fruit Skittles
Strawberry
81.1%
Literature
5 Golden Ticket Winners
Charlie Bucket
78.2%
Miscellaneous
5 Original Fruit Skittles
Grape
76.3%
Music
5 Spice Girls Nicknames
Scary
75%
Music
5 Spice Girls Nicknames
Sporty
74.5%
Music
5 Spice Girls Nicknames
Baby
73%
History
5 UN Security Council Perm. Members
United States
69.2%
History
5 UN Security Council Perm. Members
United Kingdom
65.3%
History
5 UN Security Council Perm. Members
France
65.3%
Music
5 Spice Girls Nicknames
Ginger
65%
History
5 UN Security Council Perm. Members
Russia
64.4%
History
5 UN Security Council Perm. Members
China
63%
Holiday
5 Halloween Monster Cereals
Count Chocula
59.5%
Literature
5 Golden Ticket Winners
Veruca Salt
55.3%
Religion
5 Books of the Pentateuch
Genesis
54.2%
Hint Answer % Correct
Literature
5 Golden Ticket Winners
Augustus Gloop
53.4%
Literature
5 Golden Ticket Winners
Violet Beauregarde
51.6%
Religion
5 Books of the Pentateuch
Exodus
50.6%
Sports
5 Modern Pentathlon Events
Cross-country running
50.3%
Television
5 Cosby Show Huxtable Children
Theo
48%
Television
5 Cosby Show Huxtable Children
Rudy
47.9%
Movies
5 Usual Suspects Actors
Kevin Spacey
46.9%
Literature
5 Golden Ticket Winners
Mike Teavee
46.9%
Geography
5 Oceans of the World
Southern
46.4%
Sports
5 Modern Pentathlon Events
Freestyle swimming
44.4%
Religion
5 Books of the Pentateuch
Numbers
44.1%
Religion
5 Books of the Pentateuch
Leviticus
43.9%
Religion
5 Books of the Pentateuch
Deuteronomy
42.9%
Holiday
5 Halloween Monster Cereals
Franken Berry
39.1%
Holiday
5 Halloween Monster Cereals
Boo Berry
38.4%
Sports
5 Modern Pentathlon Events
Pistol shooting
30.6%
Television
5 Cosby Show Huxtable Children
Vanessa
29.7%
Television
5 Cosby Show Huxtable Children
Denise
27.6%
Movies
5 Usual Suspects Actors
Stephen Baldwin
25.2%
Science
5 Halogens
Chlorine
25.1%
Science
5 Halogens
Fluorine
24.2%
Movies
5 Usual Suspects Actors
Benicio del Toro
23.6%
Entertainment
5 Original Electric Mayhem Members
Animal
22.4%
Science
5 Halogens
Bromine
20.3%
Science
5 Halogens
Iodine
20.2%
Television
5 Cosby Show Huxtable Children
Sondra
19.5%
Sports
5 Modern Pentathlon Events
Show jumping
19.3%
Movies
5 Usual Suspects Actors
Gabriel Byrne
18%
Entertainment
5 Original Electric Mayhem Members
Dr. Teeth
17.4%
Entertainment
5 Original Electric Mayhem Members
Janis
12.7%
Sports
5 Modern Pentathlon Events
Épée fencing
12.5%
Science
5 Halogens
Astatine
11.1%
Movies
5 Usual Suspects Actors
Kevin Pollak
9.7%
Entertainment
5 Original Electric Mayhem Members
Sgt. Floyd Pepper
8%
Entertainment
5 Original Electric Mayhem Members
Zoot
7.7%
Holiday
5 Halloween Monster Cereals
Fruit Brute
4.4%
Holiday
5 Halloween Monster Cereals
Fruity Yummy Mummy
4.4%

You're not logged in!

Compare scores with friends on all Sporcle quizzes.
Sign Up with Email
OR
Log In

You Might Also Like...

Show Comments

Extras

Top Quizzes Today


Score Distribution

Your Account Isn't Verified!

In order to create a playlist on Sporcle, you need to verify the email address you used during registration. Go to your Sporcle Settings to finish the process.